000 00723nam a2200217 a 4500
001 12763
003 CO-ViMGA
008 141112s2004 ck r 000 u spa d
020 _a0821330985
040 _aCO-ViMGA
_bspa
_cCO-ViMGA
082 0 4 _a339.4609861 P69
110 _aBanco Mundial
_918473
245 1 0 _aPoverty in Colombia
260 _aWashington :
_bWorld Banck,
_c1994
300 _a300p. : il.
590 _aForma de adquisición : DONACION - - Proveedor : BIBLIOTECA LUIS Ángel ARANGO - - Fecha de adquisición : 12 - 03 - 2001
650 1 4 _aASISTENCIA ECONOMICA INTERIOR - COLOMBIA - 1978 - 1992
_918474
650 1 4 _aINFORMES 1978 - 1992
_918475
650 1 4 _aPOBRES - COLOMBIA
_918476
942 _2ddc
_cBK
999 _c23707
_d23707